| 000 | 00334nam a2200109 4500 | ||
|---|---|---|---|
| 999 |
_c12240 _d12240 |
||
| 008 | 190118b ||||| |||| 00| 0 eng d | ||
| 245 | _aAddiction to digital media linked to psychiatric problems in teens. | ||
| 260 |
_aPhilippines _bManila Bulletin _cc2018 |
||
| 300 | _apage B-9. | ||
| 650 | 0 |
_934623 _aMental illness. |
|
| 942 |
_2ddc _cPER |
||